Central Library OPAC University of Rajshahi

India under Curzon & after / (Record no. 26925)

MARC details
000 -LEADER
fixed length control field 00820nam a2200253 a 4500
001 - CONTROL NUMBER
control field 26925
003 - CONTROL NUMBER IDENTIFIER
rucl marc code BD-RjUL
005 - DATE AND TIME OF LATEST TRANSACTION
control field 20211209051104.0
008 - FIXED-LENGTH DATA ELEMENTS--GENERAL INFORMATION
fixed length control field 161123r19121911enkab a 001 0 eng
035 ## - SYSTEM CONTROL NUMBER
System control number (BD-RjUL)26996
040 ## - CATALOGING SOURCE
Original cataloging agency DLC
Transcribing agency DLC
Modifying agency DLC
Language of cataloging eng
041 ## - LANGUAGE CODE
Language code of text/sound track or separate title eng
082 ## - DEWEY DECIMAL CLASSIFICATION NUMBER
Classification number 954.03
Author mark and year PRI 1912
Edition number 23
100 1# - MAIN ENTRY--PERSONAL NAME
Personal name Praser, Lovat,
Dates associated with a name 1871-
9 (RLIN) 82754
245 10 - TITLE STATEMENT
Title India under Curzon & after /
Statement of responsibility, etc. by Lovat Fraser.
246 30 - VARYING FORM OF TITLE
Title proper/short title India under Curzon and after
260 ## - PUBLICATION, DISTRIBUTION, ETC. (IMPRINT)
Place of publication, distribution, etc. London :
Name of publisher, distributor, etc. William Heinemann,
Date of publication, distribution, etc. 1911 [impression 1912]
300 ## - PHYSICAL DESCRIPTION
Pagination xii, 496 p. :
Illustrations ill., folded map ;
Size 25 cm.
504 ## - BIBLIOGRAPHY, ETC. NOTE
Bibliography, etc Includes index.
600 10 - SUBJECT ADDED ENTRY--PERSONAL NAME
Personal name Curzon of Kedleston, George Nathaniel Curzon,
Titles and other words associated with a name Marquess,
Dates associated with a name 1859-1925.
651 #0 - SUBJECT ADDED ENTRY--GEOGRAPHIC NAME
Geographic name India
General subdivision History
Chronological subdivision 20th century.
9 (RLIN) 43020
942 ## - ADDED ENTRY ELEMENTS (KOHA)
Source of classification or shelving scheme Dewey Decimal Classification
Koha item type Books
Holdings
Lost status Source of classification or shelving scheme Damaged status Not for loan Collection code Permanent Location Current Location Shelving location Date acquired Source of acquisition Cost, normal purchase price Total Checkouts Full call number Date last seen Copy number Koha item type
  Dewey Decimal Classification     Non-fiction Central Library, University of Rajshahi Central Library, University of Rajshahi Reading Room 25/11/1961 Korache Pakistan Law Association 47.81   954.03 PRI 1912 24/03/2014 C-1 Books
  Dewey Decimal Classification     Non-fiction Central Library, University of Rajshahi Central Library, University of Rajshahi   25/11/1961 Zeitlinger 47.50   954.03 PRI 1912 23/11/2016 C-2 Books